Title in the Lyrics -- Songs That Start With B #2 - Statistics

General Stats
  • This quiz has been taken 610 times
  • The average score is 7 of 15
Answer Stats
Lyrics Title % Correct
I'm a ______ ____, in a Barbie world / Life in plastic, it's fantastic Barbie Girl
96%
______ ____ is not my lover / She's just a girl who claims that I am the one Billie Jean
84%
Got a long list of ex-lovers / They'll tell you I'm insane / But I've got a _____ _____ baby / And I'll write your name Blank Space
78%
I'm beautiful in my way / 'Cause God makes no mistakes / I'm on the right track, baby / I was ____ ____ ___ Born This Way
72%
I walk this empty street / On the _________ __ ______ ______ / Where the city sleeps / And I'm the only one and I walk alone Boulevard of Broken Dreams
68%
'Cause I'm back / Yes, I'm back / Well, I'm back / Yes, I'm back / Well, I'm back, back / (Well) I'm ____ __ _____ Back in Black
50%
Been there, done that, messed around / I'm having fun; don't put me down / I'll never let you sweep me off my feet / This time, baby, I'll be / ___________ Bulletproof
33%
____ ____ there goes your heart (I know you want it) / Back, back seat of my car (I’ll let you have it) Bang Bang
32%
Then turn around! Stick it out! / Even white boys got to shout / ____ ___ ____! Baby Got Back
28%
You should've known better / Than to mess with me, honey / I'm gonna love ya, I'm gonna love ya / Gonna love ya, gonna love ya / Like a _____ _____, baby Black Widow
26%
Would you let me see _______ ____ _________ / Would you let me see beneath your perfect Beneath Your Beautiful
25%
Laughing and a-running, hey, hey / Skipping and a-jumping / In the misty morning fog with / Our, our hearts a-thumping / And you, my _____ ____ ____ Brown Eyed Girl
25%
I wanna be yours pretty baby / Yours and yours alone / I'm here to tell ya honey / That I'm ___ __ ___ ____ Bad to the Bone
15%
I'm ____ __ ___ ____ / You don't know how lucky you are boy / ____ __ ___ ____ Back in the USSR
14%
_____ _____ / how come you taste so good, now? / _____ _____ just like a young girl should, now Brown Sugar
11%
No matching quizzes found
Score Distribution
Percent of People with Each Score
Percentile by Number Answered
Your Score History
You have not taken this quiz